Sławni ludzie #1 Skandynawia. - Statystyki

Ogólne statystyki
  • Ten quiz został rozwiązany 24 razy
  • Średni wynik to 8 z 15
Statystyki odpowiedzi
kraj pochodzenia zawód Odpowiedź % Poprawnych
Dania pisarz, jeden z bardziej sławnych twórców baśni Hans Christian Andersen
95%
Szwecja wynalazca dynamitu Alfred Nobel
90%
Szwecja piłkarz Zlatan Ibrahimović
85%
Norwegia malarz, namalował m.in. "Krzyk" Edvard Munch
65%
Norwegia piłkarz Erling Haaland
65%
Szwecja pisarka Astrid Lindgren
60%
Norwegia trener piłkarski, trenował m.inManchester United Ole Gunnar Solskjaer
60%
Dania bramkarz Danii, przyczynił się do zdobycia Mistrzostwa Europy w 1992 Peter Schmeichel
60%
Dania piłkarz, miał atak serca Christian Eriksen
50%
Dania zdobywczyni szlema w tenisie Caroline Wozniacki
40%
Norwegia utalentowana biegaczka narciarska, mistrzyni olimpijska Marit Bjorgen
35%
Szwecja wielki polityk Olof Palme
35%
Szwecja sławny naukowiec, zajmowałsię m.in. botaniką Karol Linneusz
20%
Norwegia artysta muzyczny Alan Walker
15%
Dania sławny aktor Mads Mikkelsen
15%
Nie znaleziono quizów pasujących do podanych kryteriów
Rozkład punktacji
Procent ludzi z każdym wynikiem
Percentyl według liczby udzielonych odpowiedzi
Twoja historia wyników
Nie rozwiązałeś tego quizu